000 00574nam a2200217Ia 4500
005 20241129115537.0
008 241129s9999||||xx |||||||||||||| ||und||
020 _a9783319659053
037 _aTB
040 _aSDCL
_beng
_cSDCL
041 _aeng
_2eng
084 _aB6:2 Q7
_qSDCL
100 _aWallach Nolan R.
_9472086
245 0 _aGeometric invariant theory : Over the real and complex numbers
260 _aCham
_bSpringer
_c2017
300 _axiv,190p.
365 _aINR
_b0
650 _aGift
942 _cTB
_hB6:2 Q7
999 _c1230905
_d1230905